| 000 | 01091nas a2200277Ia 4500 | ||
|---|---|---|---|
| 001 | R142/77680 | ||
| 003 | IT-RoPAU | ||
| 008 | 151124c99999999xx |||||||||||| ||und|| | ||
| 040 | _aIT-RoPAU | ||
| 040 | _cIT-RoPAU | ||
| 041 | _aFRANCESE | ||
| 100 |
_aDordick Herbert _gCodice Aut. SPICS: 30367 |
||
| 210 | _aRESEAUX | ||
| 222 | _aReseaux | ||
| 245 |
_aRESEAUX, N.055 (SETTEMBRE/OTTOBRE 1992) _bTelephone Dans la Vie De Tous Les Jours (Le) |
||
| 250 | _a1a ed. | ||
| 260 |
_aPARIS _bCNET _c1992 |
||
| 501 |
_bPaulus - SPICS - Società San Paolo EM (non-commercial uses only) _cCopyright2015 |
||
| 300 | _a23 p. [107-129] | ||
| 362 | _aN.055 (SETTEMBRE/OTTOBRE 1992) | ||
| 500 | _aTelefono nella Vita di Tutti i Giorni. Una Inchiesta Sull'Uso Domestico del Telefono. Funzioni Relazionali del Telefono. Lavoro a Domicilio. Bilanciodelle Chiamate. Motivazioni per L'Utilizzazione del Telefono. Interlocutori Telefocnici. Oggetto Delle Com | ||
| 650 |
_aCOMUNICAZIONE _vPUBBLICAZIONE PERIODICA |
||
| 700 | _aLarose Robert J. | ||
| 700 | _gCodice Aut. SPICS: 45607 | ||
| 942 | _cCR | ||
| 999 |
_c192183 _d192183 |
||